English Parts of Speech - Statistics

General Stats
  • This quiz has been taken 27 times
  • The average score is 8 of 9
Answer Stats
Hint Answer % Correct
Names a person, place, thing, or idea Noun
100%
Replaces a #1 to avoid repetition Pronoun
100%
Expresses action or state of being Verb
100%
Modifies or describes a #1 or #4 Adjective
96%
Modifies #2, #3, or other #5s Adverb
93%
Connects words, phrases, or clauses Conjunction
74%
Shows the relationship of a #1 or #2 to another word Preposition
74%
Used before a #1 to modify it Article
67%
Expresses strong emotion or exclamation Interjection
56%
No matching quizzes found
Score Distribution
Percent of People with Each Score
Percentile by Number Answered
Your Score History
You have not taken this quiz